<?xml version="1.0" encoding="UTF-8"?>
<record
    xmlns:xsi="http://www.w3.org/2001/XMLSchema-instance"
    xsi:schemaLocation="http://www.loc.gov/MARC21/slim http://www.loc.gov/standards/marcxml/schema/MARC21slim.xsd"
    xmlns="http://www.loc.gov/MARC21/slim">

  <leader>01385nam0a2200337   4500</leader>
  <controlfield tag="001">RU\NLR\bibl\1276897</controlfield>
  <controlfield tag="005">20250615135850.0</controlfield>
  <datafield tag="010" ind1=" " ind2=" ">
    <subfield code="a">978-5-7057-01819-1</subfield>
    <subfield code="9">22000</subfield>
  </datafield>
  <datafield tag="021" ind1=" " ind2=" ">
    <subfield code="a">RU</subfield>
    <subfield code="b">2008-58816</subfield>
    <subfield code="9">3281</subfield>
  </datafield>
  <datafield tag="035" ind1=" " ind2=" ">
    <subfield code="a">(NLR Aleph) 001262721</subfield>
  </datafield>
  <datafield tag="090" ind1=" " ind2=" ">
    <subfield code="a">389381</subfield>
    <subfield code="c">389381</subfield>
  </datafield>
  <datafield tag="100" ind1=" " ind2=" ">
    <subfield code="a">20080923d2008    |||y0rusy50      ca</subfield>
  </datafield>
  <datafield tag="101" ind1="0" ind2=" ">
    <subfield code="a">rus</subfield>
  </datafield>
  <datafield tag="102" ind1=" " ind2=" ">
    <subfield code="a">RU</subfield>
  </datafield>
  <datafield tag="105" ind1=" " ind2=" ">
    <subfield code="a">y   |||||||||</subfield>
  </datafield>
  <datafield tag="200" ind1="1" ind2=" ">
    <subfield code="a">&#x41A;&#x443;&#x43B;&#x44C;&#x442;&#x443;&#x440;&#x43D;&#x43E;-&#x434;&#x43E;&#x441;&#x443;&#x433;&#x43E;&#x432;&#x430;&#x44F; &#x434;&#x435;&#x44F;&#x442;&#x435;&#x43B;&#x44C;&#x43D;&#x43E;&#x441;&#x442;&#x44C; &#x434;&#x435;&#x442;&#x435;&#x439; 5-6 &#x43B;&#x435;&#x442;</subfield>
    <subfield code="e">&#x442;&#x435;&#x430;&#x442;&#x440;&#x430;&#x43B;&#x438;&#x437;&#x43E;&#x432;&#x430;&#x43D;&#x43D;&#x44B;&#x435; &#x434;&#x438;&#x441;&#x43A;&#x43E;-&#x43F;&#x440;&#x43E;&#x433;&#x440;&#x430;&#x43C;&#x43C;&#x44B;, &#x441;&#x43A;&#x430;&#x437;&#x43E;&#x447;&#x43D;&#x44B;&#x435; &#x44D;&#x441;&#x442;&#x430;&#x444;&#x435;&#x442;&#x44B;, &#x43F;&#x43E;&#x437;&#x43D;&#x430;&#x432;&#x430;&#x442;&#x435;&#x43B;&#x44C;&#x43D;&#x43E;-&#x438;&#x433;&#x440;&#x43E;&#x432;&#x44B;&#x435; &#x438;&#x43D;&#x441;&#x446;&#x435;&#x43D;&#x438;&#x440;&#x43E;&#x432;&#x43A;&#x438;</subfield>
    <subfield code="f">&#x415;.&#x410;. &#x413;&#x430;&#x43B;&#x44C;&#x446;&#x43E;&#x432;&#x430;</subfield>
  </datafield>
  <datafield tag="210" ind1=" " ind2=" ">
    <subfield code="a">&#x412;&#x43E;&#x43B;&#x433;&#x43E;&#x433;&#x440;&#x430;&#x434;</subfield>
    <subfield code="c">&#x423;&#x447;&#x438;&#x442;&#x435;&#x43B;&#x44C;</subfield>
    <subfield code="d">2008 (&#x43C;&#x430;&#x43A;&#x435;&#x442; 2009)</subfield>
  </datafield>
  <datafield tag="215" ind1=" " ind2=" ">
    <subfield code="a">174 &#x441;.</subfield>
    <subfield code="d">22</subfield>
  </datafield>
  <datafield tag="225" ind1="1" ind2=" ">
    <subfield code="a">&#x414;&#x43E;&#x448;&#x43A;&#x43E;&#x43B;&#x44C;&#x43D;&#x43E;&#x435; &#x432;&#x43E;&#x441;&#x43F;&#x438;&#x442;&#x430;&#x43D;&#x438;&#x435;</subfield>
  </datafield>
  <datafield tag="300" ind1=" " ind2=" ">
    <subfield code="a">&#x41D;&#x430; &#x43E;&#x431;&#x43B;. &#x430;&#x432;&#x442;. &#x43D;&#x435; &#x443;&#x43A;&#x430;&#x437;&#x430;&#x43D;</subfield>
  </datafield>
  <datafield tag="606" ind1="1" ind2=" ">
    <subfield code="a">&#x414;&#x43E;&#x448;&#x43A;&#x43E;&#x43B;&#x44C;&#x43D;&#x438;&#x43A;&#x438;</subfield>
    <subfield code="x">&#x425;&#x443;&#x434;&#x43E;&#x436;&#x435;&#x441;&#x442;&#x432;&#x435;&#x43D;&#x43D;&#x43E;&#x435; &#x432;&#x43E;&#x441;&#x43F;&#x438;&#x442;&#x430;&#x43D;&#x438;&#x435;</subfield>
    <subfield code="x">&#x418;&#x441;&#x43F;&#x43E;&#x43B;&#x44C;&#x437;&#x43E;&#x432;&#x430;&#x43D;&#x438;&#x435; &#x442;&#x435;&#x430;&#x442;&#x440;&#x430;</subfield>
    <subfield code="2">nlr_sh2</subfield>
    <subfield code="3">RU\NLR\AUTH\6601748908</subfield>
  </datafield>
  <datafield tag="686" ind1="1" ind2=" ">
    <subfield code="a">&#x427;411.355.25</subfield>
  </datafield>
  <datafield tag="686" ind1="1" ind2=" ">
    <subfield code="a">&#x429;338.3(2)7-9-4</subfield>
  </datafield>
  <datafield tag="700" ind1=" " ind2="1">
    <subfield code="a">&#x413;&#x430;&#x43B;&#x44C;&#x446;&#x43E;&#x432;&#x430;</subfield>
    <subfield code="b">&#x415;. &#x410;.</subfield>
    <subfield code="g">&#x415;&#x432;&#x433;&#x435;&#x43D;&#x438;&#x44F; &#x410;&#x43B;&#x435;&#x43A;&#x441;&#x435;&#x435;&#x432;&#x43D;&#x430;</subfield>
    <subfield code="4">070</subfield>
  </datafield>
  <datafield tag="801" ind1=" " ind2="0">
    <subfield code="a">RU</subfield>
    <subfield code="b">NLR</subfield>
    <subfield code="c">20080923</subfield>
    <subfield code="g">RCR</subfield>
  </datafield>
  <datafield tag="801" ind1=" " ind2="1">
    <subfield code="a">RU</subfield>
    <subfield code="b">NLR</subfield>
    <subfield code="c">20080923</subfield>
  </datafield>
  <datafield tag="830" ind1=" " ind2=" ">
    <subfield code="a">&#x410;&#x432;&#x442;. &#x43F;&#x43E; &#x43A;&#x43D;.</subfield>
  </datafield>
  <datafield tag="942" ind1=" " ind2=" ">
    <subfield code="c">BOOK</subfield>
  </datafield>
  <datafield tag="980" ind1=" " ind2=" ">
    <subfield code="a">NB</subfield>
  </datafield>
  <datafield tag="995" ind1=" " ind2=" ">
    <subfield code="5">2008-09-23</subfield>
    <subfield code="a">ad</subfield>
    <subfield code="b">NLR01</subfield>
    <subfield code="c">NLR01</subfield>
    <subfield code="e">RF9</subfield>
    <subfield code="f">1-1733579</subfield>
    <subfield code="k">2008-5/7856</subfield>
    <subfield code="o">0</subfield>
    <subfield code="r">BOOK</subfield>
    <subfield code="s">200857856_</subfield>
  </datafield>
  <datafield tag="995" ind1=" " ind2=" ">
    <subfield code="5">2008-09-23</subfield>
    <subfield code="a">ad</subfield>
    <subfield code="b">NLR01</subfield>
    <subfield code="c">NLR01</subfield>
    <subfield code="e">RF9</subfield>
    <subfield code="f">2759780</subfield>
    <subfield code="k">2008-5/7856</subfield>
    <subfield code="o">0</subfield>
    <subfield code="r">BOOK</subfield>
    <subfield code="s">200857856_</subfield>
  </datafield>
</record>
